000 00651nam a2200241Ia 4500
003 OSt
005 20220926014620.0
006 a|||||r|||| 00| 0
007 ta
008 220923b |||||||| |||| 00| 0 eng d
037 _cGeneral Book
040 _aRTL
_cRTL
_beng
041 _2eng
_aeng
082 _aX5:(B), K5;L2
100 _aHorowitz Ira
_9320871
245 0 _aInteroduction to quantitative business analysis
250 _a2nd
260 _aNew York
_bMcGraw-Hill Book Co
_c1972
300 _ax, 310p.
_ccm.
650 _aCommerce
942 _hX5:(B), K5;L2
_cGB
_2CC
999 _c629483
_d629483